Seeing the forest for the trees (Record no. 137718)
[ view plain ]
| 000 -LEADER | |
|---|---|
| fixed length control field | 01401nam a2200373Ia 4500 |
| 082 04 - DEWEY DECIMAL CLASSIFICATION NUMBER | |
| Classification number | 658.4/038 |
| 100 1# - MAIN ENTRY--AUTHOR NAME | |
| Personal name | Sherwood, Dennis, |
| 245 10 - TITLE STATEMENT | |
| Title | Seeing the forest for the trees |
| 260 ## - PUBLICATION, DISTRIBUTION, ETC. (IMPRINT) | |
| Place of publication | London : |
| Name of publisher | Nicholas Brealey Pub., |
| Year of publication | 2002. |
| 300 ## - PHYSICAL DESCRIPTION | |
| Number of Pages | xviii, 346 p. : |
| Other physical details | ill. |
| 650 #0 - SUBJECT ADDED ENTRY--TOPICAL TERM | |
| Topical Term | Management. |
| Topical Term | Decision making. |
| Topical Term | Critical thinking. |
| Topical Term | Strategic planning. |
| Topical Term | System analysis. |
| Topical Term | System theory. |
| Topical Term | Management information systems. |
| 856 40 - ELECTRONIC LOCATION AND ACCESS | |
| Uniform Resource Identifier | http://site.ebrary.com/lib/rucke/Doc?id=10448408 |
No items available.
